Пространственно-временная изменчивость структуры и динамики вод Охотского моря (Запись № 786598)

Подробности
000 -МАРКЕР
контрольное поле 03194nam0a2200469 4500
001 - ИДЕНТИФИКАТОР ЗАПИСИ
контрольное поле RU\NLR\bibl\1343578
005 - ИДЕНТИФИКАТОР ВЕРСИИ
контрольное поле 20260405174752.0
010 ## - МЕЖДУНАРОДНЫЙ СТАНДАРТНЫЙ НОМЕР КНИГИ (ISBN)
Номер (ISBN) 978-5-02-036034-1
Тираж 400
021 ## - НОМЕР ГОСУДАРСТВЕННОЙ РЕГИСТРАЦИИ
Код страны российская федерация
Номер 2009-3077
Номер Листа государственной регистраци 166
035 ## - ДРУГИЕ СИСТЕМНЫЕ НОМЕРА
Идентификатор записи (nilc)EL/0000252732
035 ## - ДРУГИЕ СИСТЕМНЫЕ НОМЕРА
Идентификатор записи RUM0054029
035 ## - ДРУГИЕ СИСТЕМНЫЕ НОМЕРА
Идентификатор записи (NLR Aleph) 001328725
100 ## - ДАННЫЕ ОБЩЕЙ ОБРАБОТКИ
Данные общей обработки 20090210d2008 |||y0rusy50 ca
101 0# - ЯЗЫК РЕСУРСА
Язык текста, звукозаписи и т.д. русский
Язык резюме английский
102 ## - СТРАНА ПУБЛИКАЦИИ ИЛИ ПРОИЗВОДСТВА
Страна публикации российская федерация
105 ## - ПОЛЕ КОДИРОВАННЫХ ДАННЫХ: ТЕКСТОВЫЕ МАТЕРИАЛЫ, МОНОГРАФИЧЕСКИЕ
Кодированные данные о монографическом текстовом документе a |||||||||
200 1# - ЗАГЛАВИЕ И СВЕДЕНИЯ ОБ ОТВЕТСТВЕННОСТИ
Основное заглавие Пространственно-временная изменчивость структуры и динамики вод Охотского моря
Параллельное заглавие Spatial and temporal variability of the water structure and dynamics of the Sea of Okhotsk
Первые сведения об ответственности Г. А. Власова, А. С. Васильев, Г. В. Шевченко
Последующие сведения об ответственности отв. ред. чл.-кор. РАН А. В. Алексеев
-- Рос. акад. наук, Дальневост. отд-ние, Тихоокеан. океанол. ин-т им. В. И. Ильичева [и др.]
Язык параллельного заглавия английский
210 ## - ПУБЛИКАЦИЯ, РАСПРОСТРАНЕНИЕ И ДР.
Место издания, распространения и т.д. Москва
Имя издателя, распространителя и т. д. Наука
Дата издания, распространения и т.д. 2008
215 ## - ФИЗИЧЕСКАЯ ХАРАКТЕРИСТИКА
Специфическое обозначение материала и объем 357, [2] с., [10] л. цв. ил.
Другие сведения о физической характеристике ил., портр., карт.
Размеры 24
300 ## - ОБЩИЕ ПРИМЕЧАНИЯ
Текст примечания Авт. также на англ. яз.: G.A. Vlasova, A.S. Vasiliev, G.V. Shevchenko
300 ## - ОБЩИЕ ПРИМЕЧАНИЯ
Текст примечания В надзаг. также: Федер. служба по гидрометеорологии и мониторингу окружающей среды, Гос. океаногр. ин-т, Федер. агентство по рыболовству, Сахал. науч.-исслед. ин-т рыб. хоз-ва и океанографии
300 ## - ОБЩИЕ ПРИМЕЧАНИЯ
Текст примечания Рез. на англ. яз.
320 ## - ПРИМЕЧАНИЯ О НАЛИЧИИ В ДОКУМЕНТЕ БИБЛИОГРАФИИ / УКАЗАТЕЛЯ
Текст примечания Библиогр.: с. 343-353 (281 назв.)
510 0# - ПАРАЛЛЕЛЬНОЕ ЗАГЛАВИЕ
Связь между полями z73790
Параллельное заглавие Spatial and temporal variability of the water structure and dynamics of the Sea of Okhotsk
Язык заглавия английский
606 1# - НАИМЕНОВАНИЕ ТЕМЫ КАК ПРЕДМЕТ
Наименование темы Морская вода
Тематический подзаголовок Структура
-- Пространственно-временные изменения
Географический подзаголовок Охотское море
Системный номер авторитетной/нормативной записи 2549558
Идентификатор авторитетной/нормативной записи RU\NLR\auth\661508769
606 1# - НАИМЕНОВАНИЕ ТЕМЫ КАК ПРЕДМЕТ
Наименование темы Морская вода
Тематический подзаголовок Динамика
-- Пространственно-временные изменения
Географический подзаголовок Охотское море
Системный номер авторитетной/нормативной записи 2549564
Идентификатор авторитетной/нормативной записи RU\NLR\auth\661508771
610 0# - НЕКОНТРОЛИРУЕМЫЕ ПРЕДМЕТНЫЕ ТЕРМИНЫ
Предметный термин водные экосистемы
-- моря
-- гидрология
686 ## - ИНДЕКСЫ ДРУГИХ КЛАССИФИКАЦИЙ
Индекс 37.25.33
Код системы
686 ## - ИНДЕКСЫ ДРУГИХ КЛАССИФИКАЦИЙ
Индекс Д221.9(942.2)
686 ## - ИНДЕКСЫ ДРУГИХ КЛАССИФИКАЦИЙ
Индекс Д221.3(942.2)
700 #1 - ИМЯ ЛИЦА - ПЕРВИЧНАЯ ОТВЕТСТВЕННОСТЬ
Код отношения Автор
Материалы, к которым относится поле rus
Графика поля Кириллица
Начальный элемент ввода Власова
Часть имени, кроме начального элемента ввода Г. А.
Дополнения к именам, кроме дат канд. геогр. наук
Расширение инициалов личного имени Галина Александровна
Идентификатор авторитетной/нормативной записи RU\NLR\AUTH\7758163
Системный номер авторитетной/нормативной записи 41095
701 #1 - ИМЯ ЛИЦА - АЛЬТЕРНАТИВНАЯ ОТВЕТСТВЕННОСТЬ
Код отношения Автор
Материалы, к которым относится поле rus
Графика поля Кириллица
Начальный элемент ввода Васильев
Часть имени, кроме начального элемента ввода А. С.
Дополнения к именам, кроме дат д-р физ.-мат. наук
Даты 1937-2008
Расширение инициалов личного имени Анатолий Сергеевич
Идентификатор авторитетной/нормативной записи RU\NLR\AUTH\7775893
Системный номер авторитетной/нормативной записи 58821
701 #1 - ИМЯ ЛИЦА - АЛЬТЕРНАТИВНАЯ ОТВЕТСТВЕННОСТЬ
Код отношения Автор
Материалы, к которым относится поле rus
Графика поля Кириллица
Начальный элемент ввода Шевченко
Часть имени, кроме начального элемента ввода Г. В.
Дополнения к именам, кроме дат д-р физ.-мат. наук
Расширение инициалов личного имени Георгий Владимирович
Идентификатор авторитетной/нормативной записи RU\NLR\AUTH\7775944
Системный номер авторитетной/нормативной записи 58872
790 #1 - ИМЯ ЛИЦА - АЛЬТЕРНАТИВНАЯ ФОРМА
Код отношения Автор
Материалы, к которым относится поле rus
Графика поля Латинская
Начальный элемент ввода Vlasova
Часть имени, кроме начального элемента ввода G. A.
Дополнения к именам, кроме дат канд. геогр. наук
Расширение инициалов личного имени Galina Aleksandrovna
Идентификатор авторитетной/нормативной записи RU\NLR\AUTH\7758164
Системный номер авторитетной/нормативной записи 41096
801 #0 - ИСТОЧНИК ЗАПИСИ
Страна российская федерация
Организация ЦНСХБ РАСХН
Дата составления 20090210
Правила каталогизации RCR
801 #1 - ИСТОЧНИК ЗАПИСИ
Страна российская федерация
Организация ЦНСХБ РАСХН
Дата составления 20090316
Источник данных rusmarc
801 #2 - ИСТОЧНИК ЗАПИСИ
Страна российская федерация
Организация NLR
Дата составления 20090319
Правила каталогизации rcr
942 ## - ДОПОЛНИТЕЛЬНЫЕ ЭЛЕМЕНТЫ ЗАПИСИ (АБИС)
Тип экземпляра АБИС Книга
980 ## - КОЛЛЕКЦИЯ
Название коллекции Национальная библиография
Экземпляры
Тип экземпляра Дата поступления Источник поступления Библиотека постоянного хранения Библиотека текущего хранения Место хранения Шифр хранения Штрих-код Статус не для выдачи
Книга 19.03.2009 Обязательный экземпляр РНБ (Московский) РНБ (Московский) Русский книжный фонд: издания с 1957 года, 9этаж 2009-7/1655 2876463  
Книга 19.03.2009 Обязательный экземпляр РНБ (Московский) РНБ (Московский) Русский книжный фонд: издания с 1957 года, 9этаж 2009-7/1655 2876465